000 00301nam a22001217a 4500
040 _cSY
082 _a598
100 _aស៊ុន ហ៊ាន
245 _aលក្ខណៈជីវសាស្រ្តសត្វព្រៃ
260 _aRUA
_bស៊ុន
_cNA
300 _a47p.
942 _cKB
999 _c9911
_d9911